Código general del proceso : (Registro nro. 7238)

Detalles MARC
000 -LEADER
fixed length control field 00865cam a2200253 i 4500
001 - CONTROL NUMBER
control field 18619473
003 - CONTROL NUMBER IDENTIFIER
control field OSt
005 - DATE AND TIME OF LATEST TRANSACTION
control field 20210218124210.0
008 - FIXED-LENGTH DATA ELEMENTS--GENERAL INFORMATION
fixed length control field 150421s2012 ck l 000 0 spa
020 ## - INTERNATIONAL STANDARD BOOK NUMBER
International Standard Book Number 9789585709072
035 ## - SYSTEM CONTROL NUMBER
System control number (BO-CbLA)la1504R3444
040 ## - CATALOGING SOURCE
Original cataloging agency DLC
Transcribing agency CO-JMCR
041 ## - LANGUAGE CODE
Language code of text/sound track or separate title spa
082 04 - DEWEY DECIMAL CLASSIFICATION NUMBER
Classification number 345.9861 /
Item number C718c
Edition number 23
110 1# - MAIN ENTRY--CORPORATE NAME
Corporate name or jurisdiction name as entry element Colombia.
Subordinate unit Ministerio de Justicia y del Derecho.
9 (RLIN) 13631
245 10 - TITLE STATEMENT
Title Código general del proceso :
Remainder of title ley 1564 de 2012 /
Statement of responsibility, etc. Ministerio de Justicia y del Derecho.
250 ## - EDITION STATEMENT
Edition statement Primera edición.
260 ## - PUBLICATION, DISTRIBUTION, ETC.
Place of publication, distribution, etc. Bogotá :
Name of publisher, distributor, etc. Ministerio de Justicia y del Derecho,
Date of publication, distribution, etc. 2012
300 ## - PHYSICAL DESCRIPTION
Extent 395 páginas ;
Dimensions 24 cm +
Accompanying material 1 CD-ROM.
505 0# - FORMATTED CONTENTS NOTE
Formatted contents note Ley 1564 2012 -- Decreto 1736 de 2012
610 10 - SUBJECT ADDED ENTRY--CORPORATE NAME
Corporate name or jurisdiction name as entry element Colombia.
Title of a work Código General del Proceso.
9 (RLIN) 13640
650 14 - SUBJECT ADDED ENTRY--TOPICAL TERM
Topical term or geographic name entry element Proceso
General subdivision Ley 1564 de 2012
Geographic subdivision Colombia.
9 (RLIN) 13641
942 ## - ADDED ENTRY ELEMENTS (KOHA)
Source of classification or shelving scheme Dewey Decimal Classification
Koha item type Books
Existencias
Withdrawn status Lost status Source of classification or shelving scheme Damaged status Not for loan Home library Current library Shelving location Date acquired Source of acquisition Total Checkouts Full call number Barcode Date last seen Copy number Price effective from Koha item type
    Dewey Decimal Classification     Biblioteca Pública José María del Castillo y Rada Biblioteca Pública José María del Castillo y Rada General Stacks 10/02/2020 Donación   345.9861 / C718c 201810322 05/16/2024 Ej.1 10/02/2020 Books
    Dewey Decimal Classification     Biblioteca Pública José María del Castillo y Rada Biblioteca Pública José María del Castillo y Rada Audio Visual 10/02/2020 Donación   345.9861 / C718c 201810694 03/02/2021 Ej.1 10/02/2020 Books